Time the cycle of seven : (Record no. 127300)

MARC details
000 -LEADER
fixed length control field 00773nam a22002177a 4500
005 - DATE AND TIME OF LATEST TRANSACTION
control field 20170124110023.0
010 ## - LIBRARY OF CONGRESS CONTROL NUMBER
LC control number B-024217
020 ## - INTERNATIONAL STANDARD BOOK NUMBER
Terms of availability 00.00
035 ## - SYSTEM CONTROL NUMBER
System control number B-024217
037 ## - SOURCE OF ACQUISITION
Source of stock number/acquisition Cen Lib/Ret
040 ## - CATALOGING SOURCE
Original cataloging agency DPL
Language of cataloging EN
082 ## - DEWEY DECIMAL CLASSIFICATION NUMBER
Classification number 529.3
Item number PUT
100 ## - MAIN ENTRY--PERSONAL NAME
Personal name Puthraan, Manohar R.
9 (RLIN) 20069
245 ## - TITLE STATEMENT
Title Time the cycle of seven :
Statement of responsibility, etc by Manohar R.Puthraan
Remainder of title everything you always wanted to know about the gregorian calendar with infinite methods for "day-date" calculation /
260 ## - PUBLICATION, DISTRIBUTION, ETC. (IMPRINT)
Place of publication, distribution, etc New Mumbai
Name of publisher, distributor, etc MRP Publishing House
Date of publication, distribution, etc 2000
270 ## - ADDRESS
Address C2-10/3;2, Sector 16, Vashi
City Mumbai
Postal code 400705
300 ## - PHYSICAL DESCRIPTION
Extent xxxiii,257p.
Dimensions 20cm(Hb)
500 ## - GENERAL NOTE
General note Includes bibliographical references and index
650 ## - SUBJECT ADDED ENTRY--TOPICAL TERM
Topical term or geographic name as entry element Mathematics.
9 (RLIN) 8937
942 ## - ADDED ENTRY ELEMENTS (KOHA)
Source of classification or shelving scheme Dewey Decimal Classification
Koha item type English Books
Classification part 529.3
Call number suffix PUT
Holdings
Withdrawn status Lost status Damaged status Not for loan Home library Current library Date acquired Source of acquisition Cost, normal purchase price Total Checkouts Full call number Barcode Date last seen Copy number Cost, replacement price Price effective from Koha item type Public note
Written off       Central Library Central Library 29/06/2015 Cen Lib/Ret 0.00   529.3 PUT B-024217 29/06/2015 1 0.00 29/06/2015 English Books Written off on approval by DLB (By Circulation); dtd 15-06-2023

© Delhi Public Library
Hit Counter
free hit counter